Die Völkerkunde Finnlands 1931-1936 /

Elmentve itt :
Bibliográfiai részletek
Szerző: Hämäläinen Albert
Dokumentumtípus: Cikk
Megjelent: 1938
Sorozat:Balticoslavica
Kulcsszavak:Finnország - néprajz
Tárgyszavak:
Online Access:http://misc.bibl.u-szeged.hu/65845
LEADER 00703nab a2200217 i 4500
001 misc65845
005 20221014103442.0
008 220407s1938 hu o 0|| ger d
040 |a SZTE Miscellanea Repozitórium  |b hun 
041 |a ger 
100 1 |a Hämäläinen Albert 
245 1 4 |a Die Völkerkunde Finnlands   |h [elektronikus dokumentum] :  |b 1931-1936 /  |c  Hämäläinen Albert 
260 |c 1938 
300 |a 118-127  |c 24 cm 
490 0 |a Balticoslavica 
561 |a Németh Gyula hagyaték 
591 |a NOU 2200 
650 4 |a Társadalomtudományok 
650 4 |a Szociológia 
695 |a Finnország - néprajz 
856 4 0 |u http://misc.bibl.u-szeged.hu/65845/1/2200_nou_h25.pdf  |z Dokumentum-elérés